Formule 1 - Plus jeunes en pole position - Statistiques

Statistiques générales
  • Ce quiz a été pris 12 fois
  • Le résultat moyen est 12 sur 20
Statistiques - réponses
Rang Pilote Âge Pays % Correct
1 Andrea Kimi Antonelli 19a 06m 18j langfr-1920px-Flag_of_Italy.svg.png
100%
5 Max Verstappen 21a 10m 05j langfr-1920px-Flag_of_the_Netherlands.svg.png
100%
2 Sebastian Vettel 21a 02m 11j langfr-1920px-Flag_of_Germany.svg.png
100%
3 Charles Leclerc 21a 05m 15j langfr-1920px-Flag_of_Monaco.svg.png
92%
6 Lando Norris 21a 10m 13j langfr-1920px-Flag_of_the_United_Kingdom_%283-5%29.svg.png
92%
9 Lewis Hamilton 22a 05m 03j langfr-1920px-Flag_of_the_United_Kingdom_%283-5%29.svg.png
92%
4 Fernando Alonso 21a 07m 23j langfr-1920px-Flag_of_Spain.svg.png
83%
7 Lance Stroll 22a 00m 17j langfr-3840px-Flag_of_Canada_%28Pantone%29.svg.png
83%
12 Robert Kubica 23a 03m 30j langfr-1920px-Flag_of_Poland.svg.png
75%
18 George Russell 24a 05m 16j langfr-1920px-Flag_of_the_United_Kingdom_%283-5%29.svg.png
67%
14 Kimi Räikkönen 23a 08m 12j langfr-1920px-Flag_of_Finland.svg.png
67%
15 Oscar Piastri 23a 11m 17j langfr-3840px-Flag_of_Australia_%28converted%29.svg.png?utm_source=fr.wikipedia.org&utm_campaign=parser&utm_content=thumbnail
67%
13 Jacky Ickx 23a 07m 03j langfr-1920px-Flag_of_Belgium_%28civil%29.svg.png
50%
8 Rubens Barrichello 22a 03m 05j langfr-1920px-Flag_of_Brazil.svg.png
42%
11 Nico Hülkenberg 23a 02m 19j langfr-1920px-Flag_of_Germany.svg.png
33%
17 Jenson Button 24a 03m 06j langfr-1920px-Flag_of_the_United_Kingdom_%283-5%29.svg.png
25%
10 Andrea De Cesaris 22a 10m 04j langfr-1920px-Flag_of_Italy.svg.png
17%
20 Chris Amon 24a 09m 22j langfr-3840px-Flag_of_New_Zealand.svg.png
17%
16 David Coulthard 24a 00m 13j langfr-1920px-Flag_of_the_United_Kingdom_%283-5%29.svg.png
17%
19 Eugenio Castellotti 24a 07m 26j langfr-1920px-Flag_of_Italy.svg.png
8%
Aucun quiz correspondant
Distribution des résultats
% des personnes avec chaque résultat
Percentile par nombre de réponses
Votre historique - résultats
Vous n’avez pas pris ce quiz